000 02398cab a2200649 4500
001 ABS54415
008 090401t1996 xxu||||| |||| 00| 0 eng d
035 _a(Sirsi) u10188
041 _aeng
100 _aMurdoch, S.
245 _a1995 in the courts: all quiet on the legal front
260 _c1996
350 _a0
490 _aEstates Gazette
_v(9601) 6 January 1996, 88-89(2)
520 _aA round-up of 1995 property and valuation law decisions.
650 _aANTONELLI V SOS TRADE
650 _aBANQUE BRUXELLES LAMBERT SA V EAGLE STAR INSURANCE CO LTD
650 _aBERKOWITZ V MW(ST JOHNS WOOD) LTD
650 _aCANDLE SERVICES LTD V WARREN RAID MEADOWCROFT (A FIRM)
650 _aCIN PROPERTIES LTD V RAWLINS
650 _aCRANEHEATH SECURITIES LTD V YORK MONTAGUE
650 _aCREDIT AGRICOLE PERSONAL FINANCE PLC V MURRAY
650 _aDUTY OF CARE
650 _aESSELTE AB V PEARL ASSURANCE
650 _aEZEKIEL V MCDADE
650 _aFIRST NATIONAL COMMERCIAL BANK PLC V HUMBERTS
650 _aFRIENDS PROVIDENT LIFE OFFICE V BRITISH RAILWAYS BOARD
650 _aGOODWIN V PHILLIPS
650 _aHARBEN STYLE LTD V RHODES TRUST
650 _aHOWARD DE WALDEN ESTATES LTD V PASTA PLACE LTD
650 _aHUISH V ELLIS
650 _aHUNT V BEASLEY DRAKE (A FIRM)
650 _aLONDON & LEEDS ESTATES LTD V PARIBAS LTD (NO 2)
650 _aMCANARNEY V HANRAHAN
650 _aMORTGAGE VALUATIONS
650 _aNEGLIGENCE
650 _aNYKREDIT MORTGAGE BANK PLC V EDWARD ERDMAN GROUP LTD
650 _aOVER-VALUATION
650 _aPRIVITY OF CONTRACT
650 _aQURESHI V LIASSIDES
650 _aRENT REVIEWS
650 _aROYAL BANK OF SCOTLAND PLC V JENNINGS
650 _aSADDINGTON V COLLEYS PROFESSIONAL SERVICES
650 _aSCOTLIFE HOMELOANS (NO 2) LTD V KENNETH JAMES & CO
650 _aSMITH V ERIC S BUSH (A FIRM)
650 _aSNEESBY V GOLDINGS
650 _aSOUTH AUSTRALIAN ASSET MANAGEMENT CORPORATION
650 _aSPATH HOLME LTD V GREATER MANCHESTER AND LANCASHIRE RENT ASSESSMENT COMMITTEE
650 _aWEST HORNDON INDUSTRIAL PARK LTD V PHOENIX TIMBER GROUP
650 _aYORK MONTAGUE LTD
650 _aZUBAIDA V HARGREAVES
690 _aLandlord and tenant
_96252
690 _aPROPERTY LAW AND PRACTICE
690 _aRATING AND VALUATION
942 _n0
948 _c04/03/1997
999 _c6406
_d6406